| 000 | 01131nam a22002897a 4500 | ||
|---|---|---|---|
| 001 | BRCA_9395 | ||
| 003 | FranzMayer | ||
| 005 | 20230918124840.0 | ||
| 008 | 230901b |||||||| |||| 00| 0 eng d | ||
| 020 | _a9789703250127 | ||
| 040 |
_aMFM _bESPAÑOL _cMFM |
||
| 050 | 0 |
_aAM121 _bU53 2007 |
|
| 110 | 1 |
_4Responsable _aUNAM _bDirección General de Divulgación de la Ciencia _929504 |
|
| 240 |
_aMuseología de la ciencia _h15 años de experiencia _lEspañol |
||
| 245 | 0 |
_aMuseología de la ciencia _b15 años de experiencia |
|
| 260 |
_aMéxico _bUNAM _c2007 |
||
| 300 |
_a350 p _c23 CM |
||
| 500 | _aAnexo 1 | ||
| 500 | _aEl libro contiene un sobre cerrado al principio, el mismo tiene dedicatoria | ||
| 505 | _aTexto en: españolIncluye índice temáticoIncluye bibliografíaDirigido a: museólogos | ||
| 650 | 1 |
_2Museos _amuseología _vExposiicones y exhibiciones _929505 |
|
| 700 | 1 |
_4Coord. _aRico Mansard, Luisa Fernanda _929506 |
|
| 700 | 1 |
_4Coord. _aSánchez Mora, María del Carmen _929507 |
|
| 700 | 1 |
_4Coord. _aTagüeña Parga, Julia _929508 |
|
| 700 | 1 |
_4Coord. _aTonda Mazón, Juan _929509 |
|
| 942 |
_2lcc _cB |
||
| 999 |
_c11017 _d11017 |
||